000 00644nam a2200253Ia 4500
003 OSt
005 20220924123358.0
006 a|||||r|||| 00| 0
007 ta
008 220923b |||||||| |||| 00| 0 tam d
020 _c72
024 _a350835
037 _cTextual
040 _aARTS
_cARTS
_btam
041 _2tam
_atam
082 _aG:5, 31P4
100 _aMurugan Aa. Au.
_9192594
245 0 _aSooliyal Kalvi
260 _aNagarcovil
_bJanani Pathippagam India
_c2004
300 _a318p.
_ccm.
650 _aBIOLOGY
_97
942 _hG:5, 31P4
_cTEXL
_2CC
999 _c415481
_d415481